000 00264nam a2200121Ia 4500
100 _aBernard Dodd
942 _cBK
654 _aCraft Practice
245 _aEngineering Craft Practice
260 _bHeinemann
_aLondon
_c1965
082 _a671.3
546 _aENGLISH
999 _c35670
_d35670